Charlotte Hornets Roster 2025/26 - Statistics

General Stats
  • This quiz has been taken 26 times
  • The average score is 13 of 19
Answer Stats
Position # Player % Correct
SG/SF 7 Kon Knueppel
100%
PG 1 LaMelo Ball
100%
PF 0 Miles Bridges
100%
SG/SF 24 Brandon Miller
95%
C 14 Moussa Diabaté
95%
PG/SG 3 Coby White
85%
C 11 Ryan Kalkbrenner
85%
PF 2 Grant Williams
75%
SG 4 Sion James
75%
SF 10 Josh Green
65%
PF 31 Tidjane Salaün
65%
PG 23 Tre Mann
65%
Head Coach - Charles Lee
60%
SF 33 Liam McNeeley
55%
SG/SF 21 Pat Connaughton
45%
C 16 P.J. Hall
45%
PF/C 26 Xavier Tillman Sr
40%
SF 12 Antonio Reeves
25%
SF 20 Tosan Evbuomwan
10%
No matching quizzes found
Score Distribution
Percent of People with Each Score
Percentile by Number Answered
Your Score History
You have not taken this quiz